000 00758nam a2200337Ia 4500
001 9854
008 191123s9999 xx 000 0 und d
041 _afre
044 _afr
100 _aHaab, Francois,
245 0 _aLa sculpture romaine (II).
260 _aParis :
_bTel,
_c1938.
500 _aLa colección está incompleta.
650 _aBRONCES
650 _aCOLUMNAS ROMANAS
650 _aESTATUAS
650 _aSARCOFAGOS
650 _aSOBRERRELIEVES
902 _aM
903 _am
904 _am
907 _aimpreso
911 _ailustrado
912 _a1938
920 _an. 30
942 _cLIBRO
999 _c7532
_d7532
490 0 _aEncyclopedie photographique de l' art
550 _ailustrado
300 _bilustrado